Field of thirteen (Record no. 8978)
[ view plain ]
| 000 -LEADER | |
|---|---|
| fixed length control field | 00810nam a22002057a 4500 |
| 003 - CONTROL NUMBER IDENTIFIER | |
| control field | OSt |
| 005 - DATE AND TIME OF LATEST TRANSACTION | |
| control field | 20260312010836.0 |
| 008 - FIXED-LENGTH DATA ELEMENTS--GENERAL INFORMATION | |
| fixed length control field | 260312b |||||||| |||| 00| 0 eng d |
| 020 ## - INTERNATIONAL STANDARD BOOK NUMBER | |
| International Standard Book Number | 0-515-12609-8 |
| 040 ## - CATALOGING SOURCE | |
| Original cataloging agency | DWCL GS lib |
| Transcribing agency | OC |
| 082 ## - DEWEY DECIMAL CLASSIFICATION NUMBER | |
| Classification number | F818f 1998 |
| 100 ## - MAIN ENTRY--PERSONAL NAME | |
| Personal name | FRANCIS DICK |
| 245 ## - TITLE STATEMENT | |
| Title | Field of thirteen |
| Statement of responsibility, etc. | DICK FRANCIS |
| 300 ## - PHYSICAL DESCRIPTION | |
| Extent | 289 p |
| Dimensions | 17cm |
| 520 ## - SUMMARY, ETC. | |
| Summary, etc. | a collection of 13 suspenseful short stories centered on the high-stakes world of horse racing, featuring murder, mystery, and mayhem. |
| 650 ## - SUBJECT ADDED ENTRY--TOPICAL TERM | |
| Topical term or geographic name entry element | The stories are characterized by a "morally ordered universe" where criminals and wrongdoers typically receive their comeuppance. |
| 650 ## - SUBJECT ADDED ENTRY--TOPICAL TERM | |
| Topical term or geographic name entry element | mystery stories that explore themes of corruption, greed, and poetic justice within the sport |
| 700 ## - ADDED ENTRY--PERSONAL NAME | |
| Personal name | DICK FRANCIS |
| 942 ## - ADDED ENTRY ELEMENTS (KOHA) | |
| Source of classification or shelving scheme | Dewey Decimal Classification |
| Koha item type | Fiction |
| Suppress in OPAC | No |
No items available.